banner-ar

الشاعر الرجيم بودلير ( اقرا 7 ) / (Record no. 27165)

MARC details
000 -الفاتح
حقل البيانات ثابتة الطول 00567nam a2200193Ia 4500
008 - عناصر البيانات ثابتة الطول - معلومات عامة
حقل البيانات ثابتة الطول 140319s9999 xx 000 0 ara d
040 ## - مصدر الفهرسة
وكالة الفهرسة الأصلية GCL /
وكالة النسخ GCL
082 04 - رقم تصنيف ديوى العشرى
رقم التصنيف د
رقم المادة 050
100 1# - المدخل الرئيسى - إسم شخصى
الإسم الشخصى عبدالرحمن صدقى
245 10 - بيان العنوان
العنوان الشاعر الرجيم بودلير ( اقرا 7 ) /
بيان المسئوليه,etc عبدالرحمن صدقى
300 ## - الوصف المادى
التعداد 127 ص
490 ## - بيان السلسلة
عنوان السلسلة وثائق ونصوص
رقم المجلد/ التعيين التسلسلي 0
650 04 - المدخل الاضافى بالموضوع-مصطلح موضوعى
مصطلح موضوعي الشعراء
650 04 - المدخل الاضافى بالموضوع-مصطلح موضوعى
مصطلح موضوعي الرجال - تراجم
650 04 - المدخل الاضافى بالموضوع-مصطلح موضوعى
مصطلح موضوعي الشعراء - تراجم
650 04 - المدخل الاضافى بالموضوع-مصطلح موضوعى
مصطلح موضوعي بودلير، شارل
942 ## - عناصر المدخل الإضافي( كوها)
مصدر التصنيف او مخطط الترفيف Dewey Decimal Classification
Koha [default] item type ملف كمبيوتر
Holdings
حالة التراجع حالة الفقد حالة تلف ليس للاعارة المكان المؤقت الموقع الحالى تاريخ الاكتساب اجمالي اﻻعارات رقم الطلب الباركود تاريخ اخر مشاهدة تاريخ تفعيل السعر نوع وعاء كوها
        مكتبة القاهرة الكبرى مكتبة القاهرة الكبرى 03/26/2014   د\050 60238 03/26/2014 03/26/2014 ملف كمبيوتر
        مكتبة القاهرة الكبرى مكتبة القاهرة الكبرى 03/26/2014   د\050 60239 03/26/2014 03/26/2014 ملف كمبيوتر
        مكتبة القاهرة الكبرى مكتبة القاهرة الكبرى 03/26/2014   د\050 60240 03/26/2014 03/26/2014 ملف كمبيوتر
        مكتبة القاهرة الكبرى مكتبة القاهرة الكبرى 03/26/2014   د\050 60241 03/26/2014 03/26/2014 ملف كمبيوتر
        مكتبة القاهرة الكبرى مكتبة القاهرة الكبرى 03/26/2014   د\050 60242 03/26/2014 03/26/2014 ملف كمبيوتر
        مكتبة القاهرة الكبرى مكتبة القاهرة الكبرى 03/26/2014   د\050 60243 03/26/2014 03/26/2014 ملف كمبيوتر
        مكتبة القاهرة الكبرى مكتبة القاهرة الكبرى 03/26/2014   د\050 60244 03/26/2014 03/26/2014 ملف كمبيوتر
        مكتبة القاهرة الكبرى مكتبة القاهرة الكبرى 03/26/2014   د\050 60245 03/26/2014 03/26/2014 ملف كمبيوتر

Powered By

EGPV